Champions NBA depuis les années 2000 - Mort Subite - Statistiques

Statistiques générales
  • Ce quiz a été pris 355 fois
  • Le résultat moyen est 9 sur 12
Answers on the Grid
Answers color-coded by a green-red scale on the quiz's grid according to % correct below.
Atlanta Hawks
Boston Celtics
Brooklyn Nets
Charlotte Hornets
Chicago Bulls
Cleveland Cavaliers
Dallas Mavericks
Denver Nuggets
Detroit Pistons
Golden State Warriors
Houston Rockets
Indiana Pacers
Los Angeles Clippers
Los Angeles Lakers
Memphis Grizzlies
Miami Heat
Milwaukee Bucks
Minnesota Timberwolves
New Orleans Pelicans
New York Knicks
Oklahoma City Thunder
Orlando Magic
Philadelphia 76ers
Phoenix Suns
Portland Trail Blazers
Sacramento Kings
San Antonio Spurs
Toronto Raptors
Utah Jazz
Washington Wizards
 
Statistiques - réponses
Réponse % Correct
2008, 2024 Boston Celtics
80%
2000, 2001, 2002, 2009, 2010, 2020 Los Angeles Lakers
80%
2015, 2017, 2018, 2022 Golden State Warriors
79%
2003, 2005, 2007, 2014 San Antonio Spurs
79%
2006, 2012, 2013 Miami Heat
77%
2016 Cleveland Cavaliers
74%
2025 Oklahoma City Thunder
74%
2023 Denver Nuggets
70%
2019 Toronto Raptors
70%
2021 Milwaukee Bucks
69%
2011 Dallas Mavericks
65%
2004 Detroit Pistons
52%
Aucun quiz correspondant
Distribution des résultats
% des personnes avec chaque résultat
Percentile par nombre de réponses
Votre historique - résultats
Vous n’avez pas pris ce quiz